000 00919nam a2200265 i 4500
001 bg
003 BPK
005 20191024130942.0
008 060220s2005 pl a f f |000 0 pol
015 _aPB 2006/7369
020 _a8372075530
040 _aWA N
_cBPK
080 _a624.131
080 _a(075.8)
100 1 _aPisarczyk, Stanisław
_d(1937- )
_eAutor
245 1 0 _aGeoinżynieria :
_bmetody modyfikacji podłoża gruntowego /
_cStanisław Pisarczyk.
260 _aWarszawa :
_bOficyna Wydawnicza Politechniki Warszawskiej,
_c2005.
300 _a235, [1] s. :
_bil. ;
_c24 cm.
504 _aBibliogr. przy rozdz.
655 4 _aPodręczniki akademickie
650 4 _aGeologia inżynierska
710 2 _aPolitechnika Warszawska.
_bOficyna Wydawnicza.
_4pbl.
856 4 1 _uhttp://koha.tu.koszalin.pl/cgi-bin/koha/opac-detail.pl?biblionumber=52111
_yKatalog online BPK
942 _2UKD
_cKS
999 _c52111
_d52111